| Tag |
First Indicator |
Second Indicator |
Subfields |
| LEADER |
00000cam a22000008a 4500 |
| 001 |
in00000074659 |
| 005 |
20151008053618.0 |
| 008 |
810806s1982 nyua b 10100 eng |
| 010 |
|
|
|a 81012598
|
| 020 |
|
|
|a 0444006532
|
| 035 |
|
|
|a (OCoLC)07734806
|
| 035 |
|
|
|9 AAH8022AM
|
| 039 |
0 |
|
|a 2
|b 3
|c 3
|d 3
|e 3
|
| 040 |
|
|
|a DLC
|c DLC
|d TXA
|d UtOrBLW
|
| 049 |
|
|
|a TXAM
|c [1672098]
|
| 050 |
0 |
0 |
|a QP552.M47
|b B56
|
| 082 |
0 |
|
|a 574.19/245
|2 19
|
| 245 |
0 |
0 |
|a Biological roles of metallothionein :
|b proceedings of a USA-Japan workshop held at the University of Cincinnati, Cincinnati, Ohio, March 22-27, 1981 /
|c editor, E.C. Foulkes.
|
| 263 |
|
|
|a 8111
|
| 264 |
|
1 |
|a New York, N.Y. :
|b Elsevier/North-Holland,
|c [1982]
|
| 264 |
|
4 |
|c ©1982
|
| 300 |
|
|
|a xiii, 327 pages :
|b illustrations ;
|c 25 cm.
|
| 336 |
|
|
|a text
|b txt
|2 rdacontent
|
| 337 |
|
|
|a unmediated
|b n
|2 rdamedia
|
| 338 |
|
|
|a volume
|b nc
|2 rdacarrier
|
| 490 |
1 |
|
|a Developments in toxicology and environmental science ;
|v v. 9
|
| 504 |
|
|
|a Includes bibliographies and index.
|
| 650 |
|
0 |
|a Metallothionein
|x Congresses.
|
| 700 |
1 |
|
|a Foulkes, Ernest C.,
|d 1924-
|
| 830 |
|
0 |
|a Developments in toxicology and environmental science ;
|v v. 9.
|
| 999 |
|
|
|a MARS
|
| 999 |
f |
f |
|s a4535970-5d4b-3642-96c9-5aecc5ebc8fe
|i 5d14b8dc-9ea6-317f-8a33-22d01d3b82d2
|t 0
|
| 952 |
f |
f |
|p ric
|a Texas A&M University
|b Rellis Campus
|c Joint Library Facility
|d Remote Storage
|t 0
|e QP552.M47 B56
|h Library of Congress classification
|i unmediated -- volume
|m A14806225118
|
| 998 |
f |
f |
|a QP552.M47 B56
|t 0
|l Remote Storage
|